Asain Mayhem - Statistics

General Stats
  • This quiz has been taken 8 times
  • The average score is 8 of 20
Answer Stats
Hint Answer % Correct
The flag on the thumbnail China
83%
Jewish flag Israel
67%
Now with only one star Vietnam
67%
Romania but sideways and different order of colors Armenia
50%
The capital is Phnom Penh Cambodia
50%
Borders India Myanmar
50%
33rd largest country Pakistan
50%
Comrades drinking Vodka are here Russia
50%
Costa Rica but different color flag Thailand
50%
You know, don't ya? India
33%
Country with the weakest currency Iran
33%
And now let's nuke you back to China! North Korea
33%
Craving a basketball league Saudi Arabia
33%
Back near Iraq Syria
33%
Thanksgiving feast Turkey
33%
United State Georgia
17%
33rd most popular Iraq
17%
Bought land from the country on the previous answer Jordan
17%
Many Smokers here Lebanon
17%
Is against the UN Palestine
17%
No matching quizzes found
Score Distribution
Percent of People with Each Score
Percentile by Number Answered
Your Score History
You have not taken this quiz